Loading...
| Philosophy | 3 | 3 | 1 | 0 | 70 | 25 | 76.33 | 3 | 6 | 0.00 | 0.00 |
| 3 | 2 | 1 | 0 | 60 | 53 | 76.40 | 2 | 5 | 0.00 | 0.00 | |
| Literature - British | 3 | 1 | 0 | 0 | 55 | 28 | 57.00 | 3 | 3 | 0.00 | 0.00 |
| History - World | 1 | 4 | 1 | 1 | 50 | 54 | 86.20 | 3 | 4 | 0.00 | 0.00 |
| Science - Biology | 2 | 2 | 1 | 0 | 45 | 21 | 78.75 | 1 | 4 | 0.00 | 0.00 |
| Literature - American | 2 | 2 | 1 | 1 | 45 | 49 | 93.00 | 1 | 2 | 0.00 | 0.00 |
| Beliefs | 1 | 3 | 1 | 0 | 40 | 39 | 78.75 | 2 | 3 | 0.00 | 0.00 |
| History - European | 2 | 1 | 0 | 0 | 40 | 17 | 51.33 | 2 | 3 | 0.00 | 0.00 |
| Fine Arts - Visual | 1 | 2 | 0 | 0 | 35 | 60 | 100.33 | 1 | 3 | 0.00 | 0.00 |
| Science - Physics | 0 | 3 | 0 | 1 | 30 | 67 | 91.00 | 1 | 2 | 0.00 | 0.00 |
| Other Science: Earth Science | 1 | 1 | 0 | 0 | 25 | 69 | 94.50 | 1 | 1 | 0.00 | 0.00 |
| Other Science: Computer Science | 1 | 1 | 0 | 0 | 25 | 60 | 78.00 | 0 | 2 | 0.00 | 0.00 |
| Fine Arts - Auditory | 1 | 1 | 1 | 1 | 20 | 69 | 99.00 | 1 | 2 | 0.00 | 0.00 |
| Science - Chemistry | 0 | 2 | 0 | 0 | 20 | 87 | 101.00 | 1 | 1 | 0.00 | 0.00 |
| Other Science: Math | 1 | 0 | 0 | 0 | 15 | 80 | 80.00 | 0 | 1 | 0.00 | 0.00 |
| Chemistry> | 1 | 0 | 0 | 0 | 15 | 65 | 65.00 | 1 | 1 | 0.00 | 0.00 |
| Ancient History and Archaeology | 0 | 1 | 0 | 0 | 10 | 100 | 100.00 | 0 | 1 | 0.00 | 0.00 |
| World and Other Literature | 0 | 1 | 0 | 0 | 10 | 58 | 58.00 | 0 | 1 | 0.00 | 0.00 |
| Literature - European | 0 | 2 | 3 | 0 | 5 | 82 | 103.00 | 1 | 1 | 0.00 | 0.00 |
| Other Arts: Visual | 0 | 1 | 1 | 0 | 5 | 111 | 111.00 | 0 | 1 | 0.00 | 0.00 |
| Other Arts: Auditory | 0 | 0 | 1 | 0 | -5 | 0.00 | 0 | 0 | 0.00 | 0.00 | |
| Social Science | 0 | 0 | 2 | 0 | -10 | 0.00 | 0 | 0 | 0.00 | 0.00 |